[Event "Santa Eulalia de Roncana 3rd"]
[Site "Santa Eulalia de Roncana"]
[Date "2009.10.17"]
[Round "3.10"]
[White "Gonzalez Deumal, Claudia"]
[Black "Segovia Luque, Hugo"]
[Result "1-0"]
[WhiteElo "1739"]
[BlackElo "1700"]
[PlyCount "47"]
[EventDate "2009.10.03"]
[EventType "swiss"]
[EventRounds "9"]
[EventCountry "ESP"]
[SourceTitle "EXT 2024"]
[Source "ChessBase"]
[SourceDate "2023.10.10"]
[SourceVersion "1"]
[SourceVersionDate "2023.10.10"]
[SourceQuality "1"]

1. e4 e5 2. Nf3 d6 3. Nc3 Nf6 4. d4 Be7 5. dxe5 dxe5 6. Qxd8+ Kxd8 7. Nxe5 Bd6 8. Nxf7+ Ke8 9. Nxh8 Bb4 10. Bd3 c5 11. e5 Nfd7 12. Bf4 Nb6 13. 0-0 c4 14. Bxh7 Bc5 15. Bg6+ Kf8 16. Nf7 Nc6 17. Nd6 Be6 18. Nxb7 Bd4 19. Rfe1 Bg4 20. e6 Bxe6 21. Rxe6 Kg8 22. Rae1 Kh8 23. Re8+ Rxe8 24. Rxe8# 1-0